| 000 | 005980000a22001090004500 | ||
|---|---|---|---|
| 100 | 1 | _aGuingue, Lucas | |
| 245 | 1 | 0 | _aLas regiones oscuras del corazón : Grinderman, nuevo proyecto de Nick Cave |
| 300 | _aVol.0, núm.19 (Abril, 2007), Página 37 | ||
| 520 | _aEs uno de los poetas malditos del rock, comparable a Leonard Cohen o a Tom Waits. Australiano y cantante de letras memorables, ahora presenta un nuevo disco y sigue aumentando su leyenda. Ha rechazado premios y prefiere trabajar como un funcionario de la inspiración. | ||
| 773 | 0 | _tArcadia / Andrés Felipe Solano, Editor | |
| 942 | _cANA | ||
| 999 |
_c62100 _d62100 |
||